| 000 | 00392nam a2200169Ia 4500 | ||
|---|---|---|---|
| 001 | 32808 | ||
| 003 | IN-NITTTR | ||
| 005 | 20251114232916.0 | ||
| 008 | 251113s9999||||xx |||||||||||||| ||eng|| | ||
| 040 | _beng | ||
| 040 | _cIN-NITTTR | ||
| 041 | _aeng | ||
| 082 | _a531 L848M | ||
| 100 | _aLoney, S.L. | ||
| 245 | 0 |
_aMechanics and hydrostatics for beginners / _cLoney, S.L. |
|
| 942 |
_2ddc _cBK |
||
| 999 |
_c2058 _d2058 |
||